Carregant...
NAMBUDIRI VEDA RECITATION
| Autor principal: | |
|---|---|
| Format: | Printed Book |
| Publicat: |
S-GRAVENHAGE
MOUTON & CO
1961
|
| Matèries: |
| LEADER | 00474nam a2200169 4500 | ||
|---|---|---|---|
| 020 | |||
| 082 | |a 294.592 1 STA | ||
| 100 | |a STAAL J F | ||
| 245 | |a NAMBUDIRI VEDA RECITATION |h English | ||
| 250 | |||
| 260 | |a S-GRAVENHAGE |b MOUTON & CO |c 1961 | ||
| 300 | |a 102 p |f PB | ||
| 650 | |a NAMBUDIRI VEDA RECITATION | ||
| 700 | |||
| 942 | |c TB | ||
| 999 | |c 149032 |d 149032 | ||
| 952 | |0 0 |1 0 |4 0 |6 294_592000000000000_1_STA |7 0 |9 162492 |a ORI |b ORI |l 0 |o 294.592 1 STA |p ORI572/E |r 2019-10-25 |w 2019-10-25 |y TB | ||